Strategic Management (Record no. 20596)

MARC details
000 -LEADER
fixed length control field 00320nam a22001337a 4500
008 - FIXED-LENGTH DATA ELEMENTS--GENERAL INFORMATION
fixed length control field 240216b |||||||| |||| 00| 0 eng d
020 ## - INTERNATIONAL STANDARD BOOK NUMBER
ISBN 81-947400-4-5
100 ## - MAIN ENTRY--AUTHOR NAME
Personal name A. Kazmi & A. Kazmi
245 ## - TITLE STATEMENT
Title Strategic Management
250 ## - EDITION STATEMENT
Edition statement 5th
260 ## - PUBLICATION, DISTRIBUTION, ETC. (IMPRINT)
Place of publication New Delhi
Name of publisher McGraw Hill
Year of publication 2023
300 ## - PHYSICAL DESCRIPTION
Number of Pages 788
942 ## - ADDED ENTRY ELEMENTS (KOHA)
Source of classification or shelving scheme Dewey Decimal Classification
Koha item type Books
Holdings
Accession Number Bill Date Source of acquisition Price effective from Koha item type Withdrawn / writtenoff status Damaged status Not for loan Permanent Location Current Location Shelving location Date acquired Lost/ Missing status department
MBA 5140 13-2-2024 Radha Krishna Anand & Co, Jammu 02/16/2024 Books       MIET Library, Jammu MIET Library, Jammu 137/4 02/13/2024   MBA